Uber die Zwolfte Aegyptische Königsdynastie : gelesen in der Königl. Akademie der Wissenschaften am 5. Januar 1852 Über die zwölfte Aegyptische Königsdynastie

محفوظ في:

المؤلف الرئيسي: Lepsius

التنسيق: كتاب

اللغة: German

سلاسل: Konigliche Akademie der Wissenschaften, 1852

الموضوعات:

الوسوم: إضافة وسم

لا توجد وسوم, كن أول من يضع وسما على هذه التسجيلة!

رقم الطلب: (R)DT85 .L8

LEADER 00680nam a22001937a 4500
003 OSt
005 20231119104231.0
008 231119b1852 gw f|||| |||| 00| 0 ger d
999 |c 55020  |d 55020 
050 |a (R)DT85   |b .L8 
100 1 |a Lepsius 
245 0 |a Uber die Zwolfte Aegyptische Königsdynastie :   |b gelesen in der Königl. Akademie der Wissenschaften am 5. Januar 1852 Über die zwölfte Aegyptische Königsdynastie  
264 |a German,   |c 1852. 
300 |a Pages 426-453, III sheets:   |b illustrations;   |c 28cm. 
490 |a Konigliche Akademie der Wissenschaften, 1852 
650 |a Ancient Egypt  |x History 
650 |a Ancient Egypt  |x Antiquity 
901 |a reviewed 
942 |2 lcc  |c BK